000 00669nam a2200241Ia 4500
003 OSt
005 20220918212059.0
006 a|||||r|||| 00| 0
007 ta
008 220917b |||||||| |||| 00| 0 eng d
024 _a127,140
037 _cTextual
040 _aARTS
_cARTS
_beng
041 _2eng
_aeng
082 _aX.41.N7, L5
100 _aPerkins Dwight H Ed
_9122382
245 0 _aChina's modern economy in historical perspective
260 _aStandford
_bStandford University Press
_c1975
300 _axiv, 344p.
_ccm.
650 _aECONOMICS
942 _hX.41.N7, L5
_cTEXL
_2CC
999 _c250282
_d250282